000 00549nam a2200145 a 4500
008 120416s0000 ||||||||||||||||| || u
020 _a0626012163
050 _aQC 91 Int
245 1 4 _aThe International metric system (SI)
246 _aguide to the use of the SI in South Africa
260 _aPretoria
_bBureau of South African Standards
_c1973
300 _avariant pagings : ill.
350 _a0.00
995 _D0.00
_FCBU-MAIN LIBRARY (Kitwe)
_H1
_I9.00
_M1
_UDAMAGED
_ZMain Library Open Access Collection
999 _c47442
_d47442